00618nam a2200217 a 45000010005000000030009000050080041000140200015000550400028000700820022000981000016001202450036001362600031001723000011002034900022002146500016002366500033002526500035002856500060003206500020003808215CO-ViMGA141112s2004 ck r 000 u spa d a958682053x aCO-ViMGAbspacCO-ViMGA04aMEVIGAPOR.22 J15a1 aJamsa, Kris10aActualice su PC / cKris Jamsa  aBogotá, cAlfaomega 1997 a238 p. avea como funciona14aCOMPUTACION14aCOMPUTADORES - MANTENIMIENTO14aENSAMBLAJE - MICROCOMPUTADORES14aMICROCOMPUTADORES - EQUIPO Y ACCESORIOS - MANTENIMIENTO14aREPARACION - PC